| 000 | 00619nam a2200181Ia 4500 | ||
|---|---|---|---|
| 003 | IN-BaIIA | ||
| 008 | 211028s9999 xx 000 0 eng d | ||
| 040 | _cIIA Library | ||
| 080 |
_a06.013:658.325 _bMUT |
||
| 100 |
_aMuthuswamy, P _97319 |
||
| 245 | 0 |
_aSwamy's pension compilation : of the civil service regulation and the liberalised pension ules _cP. Muthuswamy |
|
| 250 | _a6th ed. | ||
| 260 |
_aMadras _bM Bhaskar for Swamy Publishers _c1974 |
||
| 300 | _axv, 248p. | ||
| 650 | _aAstronomy and Astrophysics Thesaurus | ||
| 650 |
_aRules-Pension _99377 |
||
| 942 | _cBK | ||
| 999 |
_c5389 _d5389 |
||